ბათუმის შოთა რუსთაველის სახელმწიფო უნივერსიტეტის ბიბლიოთეკა

Biological and Medical Physics : Vol.1 / (ბიბ.ჩანაწერი № 55609)

000 -LEADER
fixed length control field 00978nam a2200289Ia 4500
001 - CONTROL NUMBER
control field 22704
003 - CONTROL NUMBER IDENTIFIER
control field GE_BSU
005 - DATE AND TIME OF LATEST TRANSACTION
control field 20230424141145.0
008 - FIXED-LENGTH DATA ELEMENTS--GENERAL INFORMATION
fixed length control field 181216s ||||ge |||||||||||||| ||eng||
020 ## - INTERNATIONAL STANDARD BOOK NUMBER
International Standard Book Number 9788376632315:Vol.1
040 ## - CATALOGING SOURCE
Transcribing agency GE_BSU
041 ## - LANGUAGE CODE
Language code of text/sound track or separate title eng
080 ## - UNIVERSAL DECIMAL CLASSIFICATION NUMBER
Universal Decimal Classification number 577.3(075.8) : 61:53 S-20
100 ## - MAIN ENTRY--PERSONAL NAME
Personal name Sanikidze, Tamar
9 (RLIN) 17758
245 ## - TITLE STATEMENT
Title Biological and Medical Physics : Vol.1 /
Statement of responsibility, etc. Tamar Sanikidze ; Editor Temur NanaeiShvili.
264 ## - PRODUCTION, PUBLICATION, DISTRIBUTION, MANUFACTURE, AND COPYRIGHT NOTICE
Place of production, publication, distribution, manufacture [Tbilisi] :
Name of producer, publisher, distributor, manufacturer Publishing house,
Date of production, publication, distribution, manufacture, or copyright notice 2016.
300 ## - PHYSICAL DESCRIPTION
Extent 227 p. :
Other physical details ill.;
Dimensions 29 cm.
500 ## - GENERAL NOTE
General note Co-funded by the Tempus Programme of the European Union
653 ## - INDEX TERM--UNCONTROLLED
keyword Biological and Medical Physics Vol.1
653 ## - INDEX TERM--UNCONTROLLED
keyword ბიოლოგია
653 ## - INDEX TERM--UNCONTROLLED
keyword ბიოლოგიური და სამედიცინო ფიზიკა
653 ## - INDEX TERM--UNCONTROLLED
keyword მედიცინა
653 ## - INDEX TERM--UNCONTROLLED
keyword ფიზიკა
700 ## - ADDED ENTRY--PERSONAL NAME
Personal name NanaeiShvili, Temur
Relator term Editor
9 (RLIN) 17759
942 ## - ADDED ENTRY ELEMENTS (KOHA)
Koha item type წიგნი
Source of classification or shelving scheme
ეგზემპლარები
Withdrawn status Lost status Source of classification or shelving scheme Damaged status Not for loan Permanent Location Current Location Shelving location Date acquired Cost, normal purchase price Full call number Barcode Date last seen Copy number Price effective from Koha item type Public note
          ბათუმის შოთა რუსთაველის სახელმწიფო უნივერსიტეტის მთავარი ბიბლიოთეკა ბათუმის შოთა რუსთაველის სახელმწიფო უნივერსიტეტის მთავარი ბიბლიოთეკა წიგნსაცავი 2018-12-17 10.00 577.3(075.8) : 61:53 S-20 58123 2018-12-17 58123 2018-12-17 წიგნი 10.00 GEL.
          ბათუმის შოთა რუსთაველის სახელმწიფო უნივერსიტეტის მთავარი ბიბლიოთეკა ბათუმის შოთა რუსთაველის სახელმწიფო უნივერსიტეტის მთავარი ბიბლიოთეკა წიგნსაცავი 2018-12-17 10.00 577.3(075.8) : 61:53 S-20 58124 2018-12-17 58124 2018-12-17 წიგნი 10.00 ₾.
          ბათუმის შოთა რუსთაველის სახელმწიფო უნივერსიტეტის მთავარი ბიბლიოთეკა ბათუმის შოთა რუსთაველის სახელმწიფო უნივერსიტეტის მთავარი ბიბლიოთეკა წიგნსაცავი 2018-12-17 10.00 577.3(075.8) : 61:53 S-20 58125 2018-12-17 58125 2018-12-17 წიგნი 10.00 ₾.